000 00310nam a2200121Ia 4500
008 190722s9999 xx 000 0 und d
020 _a0-19-809888-X
100 _aUpena Dalal
245 0 _aWireless Communication and Networks
260 _aNew Delhi
_bOxford University Press
_c2015
300 _a562
942 _cBK
999 _c427
_d427